| 000 | 00403 a2200157 4500 | ||
|---|---|---|---|
| 999 |
_c12869 _d12869 |
||
| 003 | OSt | ||
| 005 | 20240729174315.0 | ||
| 008 | 240729b ||||| |||| 00| 0 eng d | ||
| 020 | _a9781529056884 | ||
| 082 | _a650.1 KOT | ||
| 100 | _aJohn P. Kotter | ||
| 245 | _aOur Iceberg is Melting: Changing and Succeeding Under Any Conditions | ||
| 260 |
_bPan Macmillan _c2020 |
||
| 300 | _a147p; | ||
| 942 | _2ddc | ||